000 00404nam a2200169Ia 4500
008 230524s9999 xx 000 0 und d
020 _a8178083868
082 _a539.2
_bCHE
100 _aDavid K.Cheng
245 0 _aField and Wave Electromagnetics
250 _a2ND
260 _aSINGAPORE
_bPearson
_c2005
300 _a719
500 _aQuantity Number: 11
650 _aElectrical
942 _cBK
999 _c12742
_d12742